000 00338nam a2200121Ia 4500
008 220217s9999||||xx |||||||||||||| ||und||
020 _a195608925
100 _aOxford University Press
245 0 _aExercises in spoken english
260 _aOxford university press
_bHyderabad
_c2014
300 _aIX, 51p.
_b133
650 _aPlacement
999 _c188503
_d188503